000 00581nam a2200205Ia 4500
003 GCL
008 140319s9999 xx 000 0 eng d
020 _a5269002914
040 _aGCL /
_cGCL
082 0 4 _a759.47
_bP P
100 1 _aPAVTOVA, E.
245 1 0 _aPUSHKIN : A GALLERY OF PORTRAITS /
_cPAVTOVA, E.
260 _aروسيا :
_bSOVIETSKY KHUDOZHNIK ،
_c1989
300 _a:
_bILLS ؛
_c2 VOL.
650 0 4 _aPUSHKIN, ALEKSANDR
650 0 4 _aRUSSIA - PORTRAIT PAINTING
650 0 4 _aRUSSIA - PORTRAIT SCULPTURE
650 0 4 _aPORTRAITS - LITERATURE
942 _2ddc
_cBK
999 _c4831
_d4831